| 000 | 01028njm a22002897a 4500 | ||
|---|---|---|---|
| 005 | 20100901115333.0 | ||
| 006 | a|||||r|||||00| 0 | ||
| 007 | sd ammalaaahaa | ||
| 008 | 100901t xxu||||| |||| 00| 0 eng d | ||
| 028 |
_a3AEX 5165 _bOdeon |
||
| 035 | _aGR-02901 | ||
| 040 |
_aSED _cSED |
||
| 100 |
_aHemant Kumar _917891 |
||
| 245 |
_aChali gori : _cby Hemant Kumar ; music by Hemant Kumar ; lyrices by Majrooh _h[Sound recording] _bek hi rasta / |
||
| 260 |
_aDUM DUM, India _bOdeon _c1968 |
||
| 300 |
_a1 Sound disc [Gramophone Recording] : _banalog, 33 1/3 rpm _c12 in. (LP) _fGramophone Record |
||
| 500 | _aBrief record | ||
| 500 | _aRecord Labels : Odeon,Black | ||
| 505 | _aSide-2 (Aurat ne janam diya-"sadhana") (Hemant Kumar) | ||
| 600 |
_aHemant Kumar _920330 |
||
| 650 |
_aClassical music _xExcerpts _zIndia _917892 |
||
| 650 | _920305 | ||
| 700 |
_aHemant Kumar _920260 |
||
| 700 |
_aMajrooh _920375 |
||
| 942 |
_2ddc _cGR |
||
| 999 |
_c46269 _d46269 |
||